Conjunto de servicios internacionales en el centro cívico
La presente monografía abarca el estudio sobre el centro cívico de la capital de Guatemala, como una parte de la problemática de la planificación urbana de la ciudad e incluye dentro del análisis del área la posibilidad y la necesidad de incluir un centro de servicios así como hotelero, de m...
| Main Author: | |
|---|---|
| Other Authors: | |
| Format: | Tesis Section = Libro |
| Language: | Undetermined Spanish |
| Published: |
Guatemala
USAC-G
1975
|
| Subjects: |
| LEADER | 00954nam a2200205Ia 4500 | ||
|---|---|---|---|
| 008 | 240830s9999 xx 000 0 und d | ||
| 040 | |a BIBLIOTECA-RUSB/ Mon 725.17281 F483 | ||
| 041 | |a spa | ||
| 082 | |a Mon 725.17281 F483 | ||
| 100 | 1 | |a Filipovich Jurista, Drinka | |
| 245 | 1 | 0 | |a Conjunto de servicios internacionales en el centro cívico |
| 260 | |a Guatemala |b USAC-G |c 1975 | ||
| 300 | |a 46 p. :il. | ||
| 502 | |a Tesis (Arquitecto) - USAC-G, 1975. | ||
| 520 | 3 | |a La presente monografía abarca el estudio sobre el centro cívico de la capital de Guatemala, como una parte de la problemática de la planificación urbana de la ciudad e incluye dentro del análisis del área la posibilidad y la necesidad de incluir un centro de servicios así como hotelero, de migración e información turística. | |
| 650 | 7 | |a EDIFICIOS DEL GOBIERNO - GUATEMALA I | |
| 700 | 1 | |a Tutor: |b Gomar Corea, Guillermo | |
| 942 | |c BK |2 ddc | ||
| 991 | |a TESIS | ||
| 999 | |c 21214 | ||